Widok standardowy
Widok MARC
Pozycja Uniform Title
Liczba rekordów, w których użyto hasła: 1
001 - Numer kontrolny
- control field: 39578
003 - Identyfikator numeru kontrolnego
- control field: NUKAT
005 - Data i czas ostatniej modyfikacji
- control field: 20260407193553.0
008 - Dane kontrolne kodowane (40 znaków)
- fixed length control field: 191106 ||a|znnbabn |a ana |c
010 ## - Numer kontrolny Biblioteki Kongresu
- numer kontrolny LC: s 2019304841
040 ## - Instytucja sporządzająca rekord
- inst. przygot. dane do rek. khw: TOR U/GP
- język haseł przedmiotowych/tezaurus: kaba
- inst. wprow. rek. khw: TOR U/GP
- inst. modyf. rek. khw: TOR U/GP
083 #4 - DEWEY DECIMAL CLASSIFICATION NUMBER
- pojed. symbol lub pocz. z zakr. symboli: 020
- określenie wyjaśniające: Nauki o informacji. Bibliologia
083 #4 - DEWEY DECIMAL CLASSIFICATION NUMBER
- pojed. symbol lub pocz. z zakr. symboli: 200
- określenie wyjaśniające: Religia
130 #0 - Hasło - tytuł
- tytuł: Przedświt (czasopismo ; Polska ; 1918-1931).
430 #0 - Trop zob. - tytuł ujednolicony
- tytuł ujednolicony: Przedświt : czasopismo polskiej młodzieży duchownej wydawane przez alumnów Seminarium Włocławskiego.
430 #0 - Trop zob. - tytuł ujednolicony
- tytuł ujednolicony: Przedświt : czasopismo wydawane przez wychowańców Seminarium Duchownego we Włocławku.
430 #0 - Trop zob. - tytuł ujednolicony
- tytuł ujednolicony: Przedświt : czasopismo polskiej młodzieży duchownej.
430 #0 - Trop zob. - tytuł ujednolicony
- tytuł ujednolicony: Przedświt : kwartalnik młodzieży duchownej.
670 ## - Źródło informacji
- źródło informacji: KABA
670 ## - Źródło informacji
- źródło informacji: "Przedświt" czasopismo alumnów polskich seminariów duchownych w latach 1918-1931 / Kazimierz Rulka w: Teologia i Człowiek. - Toruń, 2008.